Las potestades atípicas del juez laboral: una lectura crítica
Kaydedildi:
| Yazar: | |
|---|---|
| Materyal Türü: | Kitap |
| Dil: | İspanyolca |
| Baskı/Yayın Bilgisi: |
Santiago
Ediciones Jurídicas de Santiago
2017
|
| Edisyon: | 1a. ed |
| Konular: | |
| Etiketler: |
Etiketle
Etiket eklenmemiş, İlk siz ekleyin!
|
MARC
| LEADER | 00000cam a2200000 a 4500 | ||
|---|---|---|---|
| 001 | UCD7800 | ||
| 003 | CL-VaPUC | ||
| 008 | 170407e20170200cl |||||||||||||||||spa|d | ||
| 020 | |a 9789569709302 | ||
| 082 | 0 | 4 | |a 344.01 |b RUA |2 21 |
| 100 | 0 | |a Ruay Sáez, Francisco Alberto |e author |9 591753 | |
| 245 | 1 | 4 | |a Las potestades atípicas del juez laboral: una lectura crítica |
| 250 | |a 1a. ed | ||
| 300 | |a 272 p | ||
| 942 | |c BK | ||
| 945 | |d 20170407 16:56:00 |a arojas | ||
| 260 | |a Santiago |b Ediciones Jurídicas de Santiago |c 2017 | ||
| 650 | 7 | |a DERECHO LABORAL |2 CL-VaPUC |9 15 | |
| 650 | 7 | |a TRIBUNALES DEL TRABAJO |2 CL-VaPUC |9 591754 | |
| 650 | 7 | |a JUEZ LABORAL |2 CL-VaPUC |9 591755 | |
| 650 | 0 | |a Código del trabajo |9 255479 | |
| 583 | |a last modification |c 20170407 16:56:00 |k Rodrigo Vera | ||
| 999 | |c 367706 |d 367704 | ||
| 952 | |0 0 |1 0 |3 erb |4 0 |6 344_010000000000000_RUA_2017 |7 0 |8 A |9 482725 |a BIBDER |b BIBDER |i 5371384 |o 344.01 RUA 2017 |p 5371384 |r 2023-01-25 |w 2019-11-24 |y BK |z Catalogado en:20170407 |k DER | ||